Germans as victims : remembering the past in contemporary Germany
Αποθηκεύτηκε σε:
| Άλλοι συγγραφείς: | |
|---|---|
| Μορφή: | Βιβλίο |
| Γλώσσα: | English |
| Δημοσίευση: |
Basingstoke [England] ; New York :
Palgrave Macmillan,
c2006.
|
| Θέματα: | |
| Ετικέτες: |
Προσθήκη ετικέτας
Δεν υπάρχουν, Καταχωρήστε ετικέτα πρώτοι!
|
MARC
| LEADER | 00000cam a2200000 a 4500 | ||
|---|---|---|---|
| 001 | 1/112456 | ||
| 008 | 060606s2006 enkab b 001 0 eng | ||
| 020 | |a 1403990425 | ||
| 020 | |a 9781403990426 | ||
| 040 | |a GR-MyUA |b gre |e AACR2 | ||
| 041 | 0 | |a eng | |
| 082 | 7 | |a 943.087 |2 (23) | |
| 245 | 0 | 0 | |a Germans as victims : |b remembering the past in contemporary Germany / |c edited by Bill Niven. |
| 260 | |a Basingstoke [England] ; |a New York : |b Palgrave Macmillan, |c c2006. | ||
| 300 | |a ix, 292 σ. : |b εικ., χάρτες ; |c 23 εκ. | ||
| 504 | |a Περιλαμβάνει βιβλιογραφία (σ. 276-282) και ευρετήριο. | ||
| 505 | 0 | |a Introduction : German victimhood at the turn of the millennium / Bill Niven -- The politics of the past in the 1950s : rhetorics and victimization in East and West Germany ; Victims in uniform : West German combat movies from the 1950s / Robert G. Moeller -- Taboo or tradition? The 'Germans as victims' theme in West Germany until the early 1990s / Ruth Wittlinger -- The continually suffering nation? Cinematic representations of German victimhood / Paul Cooke -- The birth of the collective from the spirit of empathy : from the "historians' dispute" to German suffering / Helmut Schmitz -- The GDR and memory of the bombing of Dresden / Bill Niven -- Victims of the Berlin Wall / Pertti Ahonen -- The victims of totalitarianism and the centrality of Nazi genocide : continuity and change in German commemorative politics / Andrew H. Beattie -- Representations of German wartime suffering in recent fiction / Stuart Taberner -- Air war legacies : from Dresden to Baghdad / Andreas Huyssen -- From the margins to the centre? The discourse on expellees and victimhood in Germany / Karoline von Oppen and Stefan Wolff -- On taboos, traumas and other myths : why the debate about German victims of the Second World War is not a historians' controversy / Stefan Berger. | |
| 650 | 0 | |a World War, 1939-1945 |z Germany |x Historiography. | |
| 650 | 0 | |a Collective memory |z Germany. | |
| 650 | 0 | |a History |x Psychological aspects. | |
| 650 | 0 | |a National characteristics, German. | |
| 650 | 0 | |a Population transfers |x Germans. | |
| 650 | 0 | |a Collective memory |z Germany (East) | |
| 650 | 0 | |a Veterans |z Germany |x History |y 20th century. | |
| 650 | 0 | |a Holocaust, Jewish (1939-1945) | |
| 700 | 1 | |a Niven, William John, |d 1956- | |
| 852 | |a INST |b LESVOS |e 20161201 |h 943.087 GER |p 005100058219 |q 005100058219 |t BK |y 0 | ||
| 970 | |a Τζαφέρη |b Ευαγγελία |z 01-12-2016 | ||